Lingua Tyrnaviensis 2011 zborník príspevkov [z medzinárodnej vedeckej konferencie, Trnava 23. 9. 2011]

Salvato in:
Dettagli Bibliografici
Enti autori: Lingua Tyrnaviensis 2011. Medzinárodná vedecká konferencia, Pedagogická fakulta Trnavskej univerzity v Trnave. Katedra anglického jazyka a literatúry
Altri autori: Jančovičová, Ľudmila, Petríková, Daniela, Hájiková, Augustína
Natura: Libro
Lingua:slovacco
inglese
Pubblicazione: Trnava Pedagogická fakulta Trnavskej univerzity v Trnave 2011
Soggetti:
Tags: Aggiungi Tag
Nessun Tag, puoi essere il primo ad aggiungerne!!

MARC

LEADER 00000nlm$a2200000$$$4500
001 0166950
005 20251027120025.0
020 |a 978-80-8082-495-2 
041 0 |a slo 
041 0 |a eng 
044 |a SK 
245 1 0 |a Lingua Tyrnaviensis 2011  |b zborník príspevkov [z medzinárodnej vedeckej konferencie, Trnava 23. 9. 2011]  |c editorka a zostavovateľka zborníka Ľudmila Jančovičová 
264 1 |a Trnava  |b Pedagogická fakulta Trnavskej univerzity v Trnave  |c 2011 
300 |a CD-ROM [144 s.] 
610 2 0 |a jazyky cudzie 
610 2 0 |a angličtina 
610 2 0 |a vyučovanie 
610 2 0 |a jazykoveda 
700 1 |a Jančovičová, Ľudmila 
700 1 |a Petríková, Daniela 
700 1 |a Hájiková, Augustína 
110 2 |a Lingua Tyrnaviensis 2011. Medzinárodná vedecká konferencia 
710 2 |a Pedagogická fakulta Trnavskej univerzity v Trnave. Katedra anglického jazyka a literatúry